| Tag |
First Indicator |
Second Indicator |
Subfields |
| LEADER |
00000cam a2200000 a 4500 |
| 001 |
in00000982113 |
| 005 |
20150927113754.0 |
| 008 |
870130s1987 txuab b 00110 eng |
| 010 |
|
|
|a 87060257
|
| 035 |
|
|
|a (OCoLC)17564838
|
| 035 |
|
|
|9 AEW7401AM
|
| 040 |
|
|
|a DLC
|c DLC
|d GIS
|d UtOrBLW
|
| 043 |
|
|
|a n-us-tx
|
| 049 |
|
|
|a TXAM
|
| 050 |
0 |
0 |
|a QE781
|b .A38 1987
|
| 082 |
0 |
0 |
|a 563/.9/09764
|2 20
|
| 100 |
1 |
|
|a Akers, Rosemary E.
|
| 245 |
1 |
0 |
|a Texas Cretaceous echinoids /
|c by Rosemary E. Akers and Thomas J. Akers.
|
| 264 |
|
1 |
|a Houston, TX :
|b Paleontology Section, Houston Gem and Mineral Society,
|c 1987.
|
| 300 |
|
|
|a 143 pages :
|b illustrations, maps ;
|c 28 cm.
|
| 336 |
|
|
|a text
|b txt
|2 rdacontent
|
| 337 |
|
|
|a unmediated
|b n
|2 rdamedia
|
| 338 |
|
|
|a volume
|b nc
|2 rdacarrier
|
| 490 |
1 |
|
|a Texas Paleontology series;
|v publication no. 3
|
| 504 |
|
|
|a Includes bibliographical references (pages 131-135) and index.
|
| 650 |
|
0 |
|a Echinodermata, Fossil
|z Texas.
|
| 650 |
|
0 |
|a Paleontology
|y Cretaceous.
|
| 650 |
|
0 |
|a Paleontology
|z Texas.
|
| 700 |
1 |
|
|a Akers, Thomas J.
|
| 830 |
|
0 |
|a Texas paleontology series ;
|v publication no. 3.
|
| 999 |
|
|
|a MARS
|
| 999 |
f |
f |
|s 64f1e809-c7b2-3de9-bc39-fb41c3de79d0
|i 9c8ce99f-e680-3e9c-bed4-12e042ba06cc
|t 0
|
| 952 |
f |
f |
|p ric
|a Texas A&M University
|b Rellis Campus
|c Joint Library Facility
|d Remote Storage
|t 0
|e QE781 .A38 1987
|h Library of Congress classification
|i unmediated -- volume
|m A14813768004
|
| 998 |
f |
f |
|a QE781 .A38 1987
|t 0
|l Remote Storage
|